[Event "FIDE World Bl Team Pool A"]
[Site "London ENG"]
[Date "2025.06.14"]
[Round "7.1"]
[White "Hong, Andrew"]
[Black "Eren, Ataberk"]
[Result "1/2-1/2"]
[WhiteTitle "GM"]
[BlackTitle "IM"]
[WhiteElo "2589"]
[BlackElo "2423"]
[WhiteTeam "FIDE MB Team"]
[BlackTeam "Satranc Istanbul"]
[WhiteFideId "2099438"]
[BlackFideId "6349765"]
[EventDate "2025.06.14"]
[EventType "team"]

1. c4 Nf6 2. Nf3 g6 3. Nc3 Bg7 4. g3 O-O 5. Bg2 d5 6. d4 Nc6 7. O-O dxc4 8. e4
Bg4 9. Be3 Re8 10. e5 Nd5 11. Nxd5 Qxd5 12. h3 Bxf3 13. Bxf3 Qd7 14. Bg4 e6 15.
Qd2 Rad8 16. Rad1 Qd5 17. Qe2 b5 18. Bf3 Qd7 19. h4 Ne7 20. g4 Nd5 21. Bg5 f6
22. exf6 Bxf6 23. Rfe1 Bxg5 24. hxg5 Nf4 25. Qe3 Qd6 26. a4 a6 27. Be4 Rf8 28.
Bc2 Qd5 29. Qg3 Qxg5 30. Re4 Rf6 31. axb5 axb5 32. Ra1 Rdf8 33. Ra7 Qd5 34. Qe3
Qg5 35. f3 Qh4 36. Qe1 Qh3 37. Qf2 Qh6 38. Qh2 Qxh2+ 39. Kxh2 R8f7 40. Rb7 Nd5
41. Bd1 c6 42. Rb8+ Rf8 43. Rb7 R8f7 44. Rb8+ Kg7 45. Kg3 Rf4 46. Re8 Rxe4 47.
fxe4 Nc7 48. Rc8 Rd7 49. Bf3 b4 50. Kf2 Nb5 51. Rxc6 c3 52. bxc3 bxc3 53. Ke3
Nxd4 54. Rxc3 e5 55. g5 h6 56. Bg4 Re7 57. Rc8 hxg5 58. Rc5 Kf6 59. Ra5 Rc7 60.
Ra6+ Kg7 61. Ra5 Rc3+ 62. Kf2 Rc2+ 63. Ke3 Rc3+ 64. Kf2 Nc6 65. Rd5 Rc2+ 66. Kg3
Rc3+ 67. Kf2 Nb4 68. Rd7+ Kf6 69. Rd6+ Kf7 70. Ke2 Rg3 71. Bc8 Nc2 72. Kf2 Rc3
73. Bg4 Nd4 74. Rd5 Kf6 75. Rd6+ Ke7 76. Rxg6 Rc2+ 77. Ke3 Rc3+ 78. Kf2 Rc2+ 79.
Kg3 Rc3+ 80. Kf2 Rc2+ 81. Kg3 Rc3+ 1/2-1/2

[Event "FIDE World Bl Team Pool A"]
[Site "London ENG"]
[Date "2025.06.14"]
[Round "7.2"]
[White "Makaraci, Tunahan"]
[Black "Short, Nigel D"]
[Result "0-1"]
[WhiteTitle "FM"]
[BlackTitle "GM"]
[WhiteElo "2233"]
[BlackElo "2587"]
[WhiteTeam "Satranc Istanbul"]
[BlackTeam "FIDE MB Team"]
[WhiteFideId "6356559"]
[BlackFideId "400025"]
[EventDate "2025.06.14"]
[EventType "team"]

1. e4 e6 2. d4 d5 3. Nd2 a6 4. Ngf3 c5 5. exd5 exd5 6. c3 Nc6 7. Bd3 cxd4 8.
Nxd4 Nxd4 9. cxd4 Bd6 10. O-O Ne7 11. Nf3 O-O 12. Re1 h6 13. Bd2 Bg4 14. h3 Bh5
15. Rc1 Re8 16. g4 Bg6 17. Qb3 Bxd3 18. Qxd3 Nc6 19. Rxe8+ Qxe8 20. Re1 Qd7 21.
Ne5 Bxe5 22. dxe5 Re8 23. f4 d4 24. Qe4 h5 25. Qf3 hxg4 26. hxg4 d3 27. Bc3 Nd4
28. Bxd4 Qxd4+ 29. Qf2 Qd5 30. b3 Rc8 31. Rd1 Rc2 32. Qg3 Qd4+ 33. Kh1 Qe4+ 34.
Kg1 Re2 35. e6 0-1

[Event "FIDE World Bl Team Pool A"]
[Site "London ENG"]
[Date "2025.06.14"]
[Round "7.3"]
[White "Bologan, Victor"]
[Black "Eken, Atakan"]
[Result "1-0"]
[WhiteTitle "GM"]
[WhiteElo "2601"]
[BlackElo "2010"]
[WhiteTeam "FIDE MB Team"]
[BlackTeam "Satranc Istanbul"]
[WhiteFideId "13900048"]
[BlackFideId "6375626"]
[EventDate "2025.06.14"]
[EventType "team"]

1. e4 c6 2. Nf3 d5 3. d3 dxe4 4. dxe4 Qc7 5. Nc3 e5 6. Bc4 h6 7. Qe2 Nf6 8. Bd2
Bc5 9. h3 a5 10. a4 Qe7 11. g4 Na6 12. O-O-O Nc7 13. Kb1 Bb4 14. Nh4 g6 15. Nf3
Rb8 16. g5 hxg5 17. Nxg5 Be6 18. h4 Rd8 19. f4 Rd4 20. Nxe6 Nxe6 21. fxe5 Nd7
22. Bg5 Rxd1+ 23. Qxd1 Nxg5 24. hxg5 Rxh1 25. Qxh1 Bxc3 26. e6 Qb4 27. exd7+
Kxd7 28. Qh3+ Kc7 29. Qxc3 Qc5 30. Bxf7 Qg1+ 31. Ka2 Qf1 32. Bxg6 Qg2 33. Qe5+
Kb6 34. Bf5 Qxg5 35. Qd6 Qg8+ 36. Be6 Qg2 37. e5 Qxc2 38. Bb3 Qe2 39. e6 Ka7 40.
e7 1-0

[Event "FIDE World Bl Team Pool A"]
[Site "London ENG"]
[Date "2025.06.14"]
[Round "7.4"]
[White "Tahaoglu, Ugur Barkin"]
[Black "Al-Mudahka, Mohd"]
[Result "1-0"]
[BlackTitle "GM"]
[WhiteElo "2015"]
[BlackElo "2542"]
[WhiteTeam "Satranc Istanbul"]
[BlackTeam "FIDE MB Team"]
[WhiteFideId "6303331"]
[BlackFideId "12100030"]
[EventDate "2025.06.14"]
[EventType "team"]

1. d4 Nf6 2. Nf3 g6 3. Bg5 Bg7 4. Nbd2 d6 5. c3 h6 6. Bh4 g5 7. Bg3 Nh5 8. e4 e6
9. Bd3 Nd7 10. Qe2 Qe7 11. Nc4 Nxg3 12. hxg3 h5 13. Nfd2 g4 14. Ne3 a6 15. f4
gxf3 16. gxf3 h4 17. gxh4 Rxh4 18. O-O-O b6 19. Qg2 Bh6 20. Qg8+ Nf8 21. Ng4 Bf4
22. e5 dxe5 23. dxe5 Rxh1 24. Nf6+ Qxf6 25. exf6 Rxd1+ 26. Kxd1 Bb7 27. Ne4 Rd8
28. Kc2 Be5 29. Ng5 Rd7 30. Nxf7 Bxf6 31. Bg6 Ke7 32. Nh6 Nxg6 1-0

[Event "FIDE World Bl Team Pool A"]
[Site "London ENG"]
[Date "2025.06.14"]
[Round "7.5"]
[White "Zhu, Chen"]
[Black "Kalender, Murat Emre"]
[Result "1-0"]
[WhiteTitle "GM"]
[WhiteElo "2423"]
[BlackElo "1782"]
[WhiteTeam "FIDE MB Team"]
[BlackTeam "Satranc Istanbul"]
[WhiteFideId "8600546"]
[BlackFideId "34531815"]
[EventDate "2025.06.14"]
[EventType "team"]

1. d4 Nf6 2. c4 e5 3. dxe5 Ne4 4. Nf3 b6 5. a3 Bb7 6. e3 Nc6 7. b3 Be7 8. Bb2
O-O 9. Bd3 Nc5 10. Bc2 Re8 11. O-O d6 12. exd6 Bxd6 13. Nc3 Ne5 14. Nd5 Qd7 15.
Nxe5 Bxe5 16. Bxe5 Rxe5 17. b4 Ne6 18. Nf6+ gxf6 19. Qxd7 Rg5 20. f3 Rd8 21. Qe7
Rd2 22. Rf2 Rd6 23. Rd1 Rc6 24. Rd7 Rg7 25. Rd8+ 1-0

[Event "FIDE World Bl Team Pool A"]
[Site "London ENG"]
[Date "2025.06.14"]
[Round "7.6"]
[White "Demir, Aleyna"]
[Black "Zaiarski, Stepan"]
[Result "0-1"]
[WhiteElo "1651"]
[BlackElo "1932"]
[WhiteTeam "Satranc Istanbul"]
[BlackTeam "FIDE MB Team"]
[WhiteFideId "6378323"]
[BlackFideId "13907000"]
[EventDate "2025.06.14"]
[EventType "team"]

1. e4 e5 2. Nf3 Nc6 3. d4 exd4 4. Bc4 Nf6 5. e5 d5 6. Bb5 Ne4 7. Nxd4 Bc5 8. Be3
O-O 9. O-O Nxe5 10. f3 Nf6 11. Kh1 Bb6 12. Nc3 c6 13. Be2 Re8 14. Bg5 h6 15. Bh4
Ng6 16. Bf2 Nf4 17. Qd2 Nxe2 18. Ncxe2 Qe7 19. Rfe1 Bd7 20. Ng3 Qf8 21. Ngf5
Bxf5 22. Nxf5 Bxf2 23. Qxf2 g6 24. Qg3 Rxe1+ 25. Rxe1 Re8 26. Rxe8 Qxe8 27.
Nxh6+ Kh7 28. Ng4 Nxg4 29. fxg4 Qe2 30. h3 Qxc2 31. Qh4+ Kg7 32. g5 Qxb2 33. Qa4
Qa1+ 34. Kh2 Qe5+ 35. Kg1 Qxg5 36. Qxa7 Qc1+ 37. Kh2 c5 38. Qxb7 Qf4+ 39. Kg1 d4
40. Qd5 Qe3+ 41. Kh2 d3 42. a4 d2 43. Qd6 Qe2 0-1

[Event "FIDE World Bl Team Pool A"]
[Site "London ENG"]
[Date "2025.06.14"]
[Round "7.1"]
[White "Moussard, Jules"]
[Black "Khoury, Theo"]
[Result "1-0"]
[WhiteTitle "GM"]
[BlackTitle "CM"]
[WhiteElo "2597"]
[BlackElo "2209"]
[WhiteTeam "Knight Dance"]
[BlackTeam "Chess Trust Accelerators"]
[WhiteFideId "642908"]
[BlackFideId "480703"]
[EventDate "2025.06.14"]
[EventType "team"]

1. Nf3 d5 2. e3 Nf6 3. b3 e6 4. Bb2 c5 5. d4 Be7 6. Bd3 O-O 7. Nbd2 Nc6 8. O-O
b6 9. Ne5 Bb7 10. f4 Nd7 11. a3 f5 12. Qe2 Nf6 13. c4 Rc8 14. Rad1 cxd4 15. exd4
Ne4 16. Ndf3 Bf6 17. Nxc6 Bxc6 18. Ne5 Bxe5 19. fxe5 Qg5 20. Qe1 a5 21. Bc1 Qg6
22. a4 Bb7 23. Bf4 Rfd8 24. c5 bxc5 25. Qxa5 c4 26. Bc2 cxb3 27. Bxb3 Ra8 28.
Qb6 Ba6 29. Rfe1 Rab8 30. Qa5 Rd7 31. Qxa6 Rxb3 32. Qc8+ 1-0

[Event "FIDE World Bl Team Pool A"]
[Site "London ENG"]
[Date "2025.06.14"]
[Round "7.2"]
[White "Zhao, George"]
[Black "Van Foreest, Jorden"]
[Result "0-1"]
[WhiteTitle "CM"]
[BlackTitle "GM"]
[WhiteElo "2124"]
[BlackElo "2687"]
[WhiteTeam "Chess Trust Accelerators"]
[BlackTeam "Knight Dance"]
[WhiteFideId "494607"]
[BlackFideId "1039784"]
[EventDate "2025.06.14"]
[EventType "team"]

1. d4 g6 2. g3 Bg7 3. c4 c5 4. d5 d6 5. Nf3 e6 6. Bg2 exd5 7. Qxd5 Nf6 8. Qd1
O-O 9. O-O Nc6 10. Nc3 Be6 11. Bf4 Qb6 12. Qc2 Bxc4 13. Na4 Qa6 14. Bxd6 Nb4 15.
Qc1 Rfc8 16. b3 Bxe2 17. Bxc5 b5 18. Nd4 Bxf1 19. Bxa8 Bh3 20. Bxb4 Rxc1+ 21.
Rxc1 bxa4 22. Rc6 Qf1# 0-1

[Event "FIDE World Bl Team Pool A"]
[Site "London ENG"]
[Date "2025.06.14"]
[Round "7.3"]
[White "Dardha, Daniel"]
[Black "Jakhria, Kushal"]
[Result "1-0"]
[WhiteTitle "GM"]
[BlackTitle "CM"]
[WhiteElo "2646"]
[BlackElo "2011"]
[WhiteTeam "Knight Dance"]
[BlackTeam "Chess Trust Accelerators"]
[WhiteFideId "240990"]
[BlackFideId "497444"]
[EventDate "2025.06.14"]
[EventType "team"]

1. d4 Nf6 2. Bg5 d5 3. e3 c5 4. Bxf6 gxf6 5. Nf3 Nc6 6. dxc5 e5 7. Be2 Bxc5 8.
O-O Be6 9. Nbd2 e4 10. Ne1 Bd6 11. c4 Rg8 12. cxd5 Bxd5 13. Bc4 Bc7 14. Qh5 Bxc4
15. Nxc4 Qd7 16. Rd1 Qe6 17. b3 Rg5 18. Qxh7 Ke7 19. g3 b5 20. Nd2 Rg6 21. Ng2
Rag8 22. Qh4 Rg4 23. Qh5 R8g5 24. Qh7 Rg7 25. Qh3 Qf5 26. Nf4 Bxf4 27. exf4
Rxg3+ 28. Qxg3 Rxg3+ 29. hxg3 Nd4 30. Rfe1 Qh3 31. Rxe4+ Ne6 32. Nf3 Qg4 33. Kg2
f5 34. Re3 Kf8 35. Rxe6 fxe6 36. Rd7 Qh5 37. Rxa7 Qe8 38. Ne5 Qc8 39. a4 bxa4
40. bxa4 Ke8 41. a5 Qc5 42. Rh7 Qd5+ 43. Kh2 Kf8 44. Nd7+ 1-0

[Event "FIDE World Bl Team Pool A"]
[Site "London ENG"]
[Date "2025.06.14"]
[Round "7.4"]
[White "Dicen, Elis Denele"]
[Black "Maurizzi, Marc'Andria"]
[Result "0-1"]
[WhiteTitle "WFM"]
[BlackTitle "GM"]
[WhiteElo "2136"]
[BlackElo "2607"]
[WhiteTeam "Chess Trust Accelerators"]
[BlackTeam "Knight Dance"]
[WhiteFideId "462560"]
[BlackFideId "36083534"]
[EventDate "2025.06.14"]
[EventType "team"]

1. d4 Nf6 2. Bf4 Nh5 3. Bc1 g6 4. e4 d6 5. Nc3 Bg7 6. Nf3 O-O 7. h3 a6 8. Be2 b5
9. a3 c5 10. Be3 cxd4 11. Nxd4 Nf6 12. Qd2 Bb7 13. f3 Nbd7 14. O-O Rc8 15. a4
bxa4 16. Nxa4 d5 17. exd5 Nxd5 18. Bf2 e5 19. Nb3 Nf4 20. Be3 Bh6 21. Rad1 Bc6
22. Nc3 Qh4 23. Ne4 Bxe4 24. fxe4 Nxh3+ 25. gxh3 Qg3+ 26. Kh1 Qxh3+ 27. Kg1
Bxe3+ 0-1

[Event "FIDE World Bl Team Pool A"]
[Site "London ENG"]
[Date "2025.06.14"]
[Round "7.5"]
[White "Roebers, Eline"]
[Black "Volovich, Julia"]
[Result "1-0"]
[WhiteTitle "IM"]
[WhiteElo "2356"]
[BlackElo "1945"]
[WhiteTeam "Knight Dance"]
[BlackTeam "Chess Trust Accelerators"]
[WhiteFideId "1058401"]
[BlackFideId "447099"]
[EventDate "2025.06.14"]
[EventType "team"]

1. f4 Nf6 2. Nf3 g6 3. g3 Bg7 4. Bg2 O-O 5. O-O d5 6. d3 c5 7. Qe1 d4 8. Na3 a6
9. h3 Qc7 10. Bd2 Nc6 11. c3 Rd8 12. Rc1 Be6 13. cxd4 cxd4 14. Nc4 Nd5 15. Qf2
b5 16. Nce5 Bxe5 17. Nxe5 Rd6 18. Nxc6 Rxc6 19. Rxc6 Qxc6 20. Qxd4 Rd8 21. Rc1
Qd6 22. Ba5 Nf6 23. Qxd6 Rxd6 24. Rc7 Bxa2 25. Rxe7 Nd5 26. Re8+ Kg7 27. Kf2 f6
28. e4 Nb6 29. Ke3 Bf7 30. Rb8 Na4 31. Bb4 Rc6 32. Bf8+ Kg8 33. Bh6+ 1-0

[Event "FIDE World Bl Team Pool A"]
[Site "London ENG"]
[Date "2025.06.14"]
[Round "7.6"]
[White "Kendall, Arthur"]
[Black "Phulpin, Theo"]
[Result "1-0"]
[WhiteElo "1883"]
[BlackElo "1773"]
[WhiteTeam "Chess Trust Accelerators"]
[BlackTeam "Knight Dance"]
[WhiteFideId "343410960"]
[BlackFideId "36001600"]
[EventDate "2025.06.14"]
[EventType "team"]

1. c4 d6 2. Nc3 Nf6 3. Nf3 g6 4. d4 Bg7 5. e4 O-O 6. Be2 Nbd7 7. O-O e5 8. d5 a5
9. b3 Nc5 10. Bg5 h6 11. Bxf6 Qxf6 12. Nd2 Qf4 13. g3 Qg5 14. Nf3 Qe7 15. Kg2 f5
16. Nd2 f4 17. Bg4 Kh7 18. Bxc8 Raxc8 19. a3 g5 20. g4 f3+ 21. Nxf3 Rf4 22. Nd2
Rcf8 23. f3 Qf7 24. Ne2 h5 25. h3 Kg6 26. Qc2 Rf6 27. Ng3 Nd7 28. Nxh5 Rf4 29.
Ng3 Rh8 30. Nf5 Bf8 31. Rh1 Be7 32. b4 axb4 33. axb4 Nf8 34. Nf1 Qh7 35. N1g3
Bf6 36. Nh5 Bd8 37. Ra8 Nd7 38. Nxf4+ gxf4 39. h4 Bxh4 40. Rxh8 Qxh8 41. Rxh4
Qg7 42. Nxg7 1-0

[Event "FIDE World Bl Team Pool A"]
[Site "London ENG"]
[Date "2025.06.14"]
[Round "7.1"]
[White "Oro, Faustino"]
[Black "Dudin, Gleb"]
[Result "1-0"]
[WhiteTitle "IM"]
[BlackTitle "GM"]
[WhiteElo "2465"]
[BlackElo "2574"]
[WhiteTeam "Turkish Airlines Sports Club"]
[BlackTeam "Global Ramblers"]
[WhiteFideId "20000197"]
[BlackFideId "34184934"]
[EventDate "2025.06.14"]
[EventType "team"]

1. Nf3 d5 2. e3 Nf6 3. b3 Bf5 4. Be2 h6 5. Ba3 Nbd7 6. c4 e6 7. Bxf8 Nxf8 8. Nc3
N8d7 9. cxd5 exd5 10. b4 O-O 11. O-O Re8 12. Qb3 Ne5 13. b5 Nxf3+ 14. Bxf3 Be4
15. Be2 d4 16. Nxe4 Nxe4 17. Rad1 Qf6 18. Bf3 Rad8 19. Qc2 Qe7 20. Bxe4 Qxe4 21.
Qxc7 Rc8 22. Qd6 Red8 23. Qa3 Rc2 24. Qxa7 Rb2 25. a4 dxe3 26. dxe3 Rxd1 27.
Rxd1 Rb1 28. Qb8+ Kh7 29. Qd6 Qc2 30. Rf1 g6 31. h3 Rxf1+ 32. Kxf1 Qxa4 33. Qd3
Qa1+ 34. Ke2 Qb2+ 35. Kf3 Qe5 36. Qd7 Qf6+ 37. Kg3 b6 38. f4 h5 39. Qd4 Qe6 40.
Qe5 Qc4 41. Kh4 Qa2 42. Kg3 Qc4 43. Kh2 Qb3 44. Qe7 Kg7 45. Qe5+ Kh7 46. Qf6
Qxe3 47. Qxf7+ Kh6 48. Qf6 Kh7 49. Qe5 Qf2 50. Qg5 Qd4 51. Qe7+ Kh6 52. Qe5 Qd8
53. Qe3 Kh7 54. Qe4 Kg7 55. Qe5+ Kh7 56. f5 gxf5 57. Qxf5+ Kh6 58. Qf4+ Kh7 59.
Qe5 Kg6 60. Kg1 Qd1+ 61. Kf2 Qd2+ 62. Kf3 Qd3+ 63. Kf4 Qd2+ 64. Kg3 Qd3+ 65. Kh4
Qc4+ 66. g4 hxg4 67. hxg4 Qf7 68. Qh5+ 1-0

[Event "FIDE World Bl Team Pool A"]
[Site "London ENG"]
[Date "2025.06.14"]
[Round "7.2"]
[White "Glek, Igor"]
[Black "Ahmad, Khagan"]
[Result "0-1"]
[WhiteTitle "GM"]
[BlackTitle "IM"]
[WhiteElo "2444"]
[BlackElo "2394"]
[WhiteTeam "Global Ramblers"]
[BlackTeam "Turkish Airlines Sports Club"]
[WhiteFideId "4100484"]
[BlackFideId "13431552"]
[EventDate "2025.06.14"]
[EventType "team"]

1. e4 c5 2. Nf3 d6 3. d4 cxd4 4. Nxd4 Nf6 5. Nc3 a6 6. a4 g6 7. Be2 Bg7 8. O-O
O-O 9. Be3 Nc6 10. Qd2 Bd7 11. Rfd1 Rc8 12. f3 Ne5 13. a5 Nc4 14. Bxc4 Rxc4 15.
b3 Rc8 16. Nd5 e5 17. Nxf6+ Qxf6 18. Ne2 Rc6 19. c4 Qe6 20. Nc3 f5 21. Nd5 fxe4
22. fxe4 Qg4 23. Ne7+ Kh8 24. Nxc6 Bxc6 25. Rf1 Qxe4 26. Rxf8+ Bxf8 27. Rf1 Kg8
28. Qf2 Bg7 29. h3 h5 30. Bg5 Kh7 31. Kh2 d5 32. Re1 Qf5 33. Qxf5 gxf5 34. cxd5
Bxd5 35. b4 Kg6 36. Be7 f4 37. Rd1 Bc6 38. h4 Kf5 39. Rd8 e4 40. Bf8 Bf6 41. Rd1
Bxh4 42. Bc5 e3 43. Rd6 e2 0-1

[Event "FIDE World Bl Team Pool A"]
[Site "London ENG"]
[Date "2025.06.14"]
[Round "7.3"]
[White "Southcott-Moyers, Indy"]
[Black "Mesropov, Konstantin"]
[Result "1/2-1/2"]
[WhiteTitle "FM"]
[BlackTitle "IM"]
[WhiteElo "2289"]
[BlackElo "2458"]
[WhiteTeam "Turkish Airlines Sports Club"]
[BlackTeam "Global Ramblers"]
[WhiteFideId "488542"]
[BlackFideId "4116887"]
[EventDate "2025.06.14"]
[EventType "team"]

1. d4 e6 2. c4 d5 3. Nf3 c6 4. e3 f5 5. b3 Nf6 6. Bd3 Bb4+ 7. Nbd2 O-O 8. O-O
Ne4 9. Ne5 Nxd2 10. Bxd2 Bxd2 11. Qxd2 Nd7 12. Nf3 b6 13. Rac1 Bb7 14. cxd5 exd5
15. b4 Qe7 16. a3 a5 17. Ra1 Qd6 18. Qc2 g6 19. Qb2 Ra7 20. Ne5 axb4 21. axb4
Rfa8 22. Rxa7 Rxa7 23. Nxd7 Qxd7 24. Ra1 Bc8 25. Rxa7 Qxa7 26. h3 Qa4 27. Kh2
Ba6 28. Bc2 Qb5 29. Qc3 Kg7 30. Bd1 Qf1 31. Bf3 Bb5 32. Qb2 Qc4 33. Qa3 Qc2 34.
Qa7+ Kg8 35. Qb8+ Kg7 36. Qc7+ Kg8 37. Qd8+ Kg7 38. Qe7+ Kg8 39. Kg3 Qa4 40. h4
Qa8 41. Kh2 Qb8+ 42. g3 Qf8 43. Qe6+ Kg7 44. h5 Qxb4 45. Qd7+ Kg8 46. Qe6+ Kg7
47. Qd7+ Kg8 48. Qe6+ Kg7 49. Qd7+ Kh6 50. hxg6 hxg6 51. Qd8 Kg7 52. Qc7+ Kf8
53. Qd8+ Kf7 54. Qc7+ Kf6 55. Qd8+ Qe7 56. Qxb6 Qd6 57. Qa7 g5 58. Qh7 Qf8 59.
Bh5 Qg7 60. Qxg7+ Kxg7 61. f4 g4 62. Be8 Kf6 63. Kg1 Ke7 64. Bg6 Kf6 65. Bh5 Ba6
66. Be8 Bb7 67. Kf2 Ke7 68. Bh5 Kd6 69. Ke1 c5 70. dxc5+ Kxc5 71. Bg6 Bc8 72.
Kd2 d4 73. Kd3 dxe3 74. Kxe3 Kd6 75. Bf7 Ke7 76. Bb3 Kf6 77. Bc2 1/2-1/2

[Event "FIDE World Bl Team Pool A"]
[Site "London ENG"]
[Date "2025.06.14"]
[Round "7.4"]
[White "Reprintsev, Alexander"]
[Black "Lohia, Sohum"]
[Result "1/2-1/2"]
[WhiteTitle "IM"]
[BlackTitle "FM"]
[WhiteElo "2256"]
[BlackElo "2364"]
[WhiteTeam "Global Ramblers"]
[BlackTeam "Turkish Airlines Sports Club"]
[WhiteFideId "14100541"]
[BlackFideId "5819369"]
[EventDate "2025.06.14"]
[EventType "team"]

1. e4 e5 2. Nc3 Nf6 3. g3 Bc5 4. Bg2 O-O 5. d3 c6 6. Nge2 h6 7. O-O d5 8. h3 Re8
9. Kh2 dxe4 10. Nxe4 Nxe4 11. Bxe4 Nd7 12. Be3 Bd6 13. Qd2 Nf6 14. Bg2 Bf5 15.
Rad1 Qc7 16. f4 e4 17. Bd4 exd3 18. cxd3 Nd5 19. Nc3 Nxc3 20. Qxc3 Bf8 21. g4
Be6 22. Be5 Qd7 23. Rf2 Bd5 24. Rdf1 Bxg2 25. Rxg2 Rad8 26. Rf3 f6 27. Qb3+ Qf7
28. Qxf7+ Kxf7 29. Bc3 Rd5 30. h4 Bc5 31. Rgg3 Re2+ 32. Rg2 Rxg2+ 33. Kxg2 h5
34. gxh5 Rxh5 35. Kg3 Rd5 36. f5 Bd4 37. Kg4 Bxc3 38. bxc3 Ra5 39. Rf2 Ra3 40.
Rc2 b6 41. Kf4 Ra5 42. d4 Ra3 43. Ke4 Ke7 44. Kd3 Ra5 45. Rg2 Kf7 46. Ke4 Rb5
47. h5 Rb1 48. c4 Rc1 49. Kd3 Rh1 50. d5 Rxh5 51. Rf2 Ke7 52. a4 Kd6 53. dxc6
Kxc6 54. Rg2 Rg5 55. Rf2 Rg4 56. Re2 Kc5 57. Re7 Rg3+ 58. Ke4 a5 59. Rc7+ Kd6
60. Rb7 Kc6 61. Rf7 Rg4+ 62. Kd3 Kc5 63. Rc7+ Kd6 64. Rb7 Kc6 65. Re7 Rf4 66.
Rxg7 Rxf5 67. Rg6 Rf4 68. Rg8 Rf1 69. Rc8+ Kb7 70. Rf8 Rf3+ 71. Kd4 Rf1 72. Rh8
Kc6 73. Rc8+ Kd6 74. Rd8+ Kc7 75. Rh8 Rf4+ 76. Kd5 Rf5+ 77. Kd4 Kb7 78. Rh7+ Kc6
79. Rh8 Rf4+ 80. Kd3 Rg4 81. Rc8+ Kd6 82. Rd8+ Kc7 83. Rf8 Rf4 84. Kc3 f5 85.
Rh8 Kc6 86. Rc8+ Kb7 87. Rf8 Kc7 88. Rf7+ Kc6 89. Rf8 Rf1 90. Rc8+ Kb7 91. Rf8
f4 92. Rf7+ Kc6 93. Rf6+ Kc7 94. Rf7+ Kb8 95. Rf8+ Kb7 96. Rf7+ Ka6 97. Rf6 f3
98. c5 Rc1+ 99. Kb2 Rxc5 100. Rxf3 Rc4 101. Kb3 Rb4+ 102. Ka3 Re4 103. Rh3 Kb7
104. Rh7+ Kc6 105. Rh6+ Kc5 106. Rh5+ Kc4 107. Rb5 Re6 108. Rb3 Kd4 109. Rb5 Rc6
110. Kb3 Rg6 111. Rh5 Rg3+ 112. Ka2 Kc4 113. Rb5 Rg2+ 114. Ka3 Rg3+ 115. Ka2 Rg6
116. Rh5 Rc6 117. Ka3 Rg6 118. Rh4+ Kc5 119. Rh5+ Kc6 120. Rh3 Rd6 121. Kb3 Rd5
122. Rc3+ Kd6 123. Rh3 Rd4 124. Rh5 Rb4+ 125. Ka3 Kc6 126. Rg5 Kb7 127. Rh5 Rg4
128. Rf5 Rg3+ 129. Kb2 Rg4 130. Ka3 1/2-1/2

[Event "FIDE World Bl Team Pool A"]
[Site "London ENG"]
[Date "2025.06.14"]
[Round "7.5"]
[White "Lu, Miaoyi"]
[Black "Badelka, Olga"]
[Result "0-1"]
[WhiteTitle "IM"]
[BlackTitle "IM"]
[WhiteElo "2452"]
[BlackElo "2424"]
[WhiteTeam "Turkish Airlines Sports Club"]
[BlackTeam "Global Ramblers"]
[WhiteFideId "8618020"]
[BlackFideId "13509926"]
[EventDate "2025.06.14"]
[EventType "team"]

1. e4 e6 2. d4 d5 3. Nc3 Nf6 4. e5 Nfd7 5. f4 c5 6. dxc5 Nc6 7. Bd2 Bxc5 8. Qg4
O-O 9. Nf3 f5 10. Qh3 Nb6 11. O-O-O a6 12. g4 fxg4 13. Qxg4 Ne7 14. Nh4 Nf5 15.
Nxf5 exf5 16. Qf3 Be6 17. Bg2 Qc7 18. Be3 Rfd8 19. Ne2 Na4 20. Bxc5 Nxc5 21. Nd4
Rac8 22. h4 Bf7 23. Bh3 Ne6 24. Rh2 Nxd4 25. Rxd4 Be6 26. h5 h6 27. Rg2 Qb6 28.
Qd3 Rc4 29. c3 Rxd4 30. cxd4 Rc8+ 31. Kb1 Qb4 32. a3 Qe1+ 33. Ka2 Rc1 34. Rg6
Bd7 35. Bxf5 Ba4 36. Be6+ Kh8 37. b3 Qf2+ 0-1

[Event "FIDE World Bl Team Pool A"]
[Site "London ENG"]
[Date "2025.06.14"]
[Round "7.6"]
[White "Volkov, Leonid"]
[Black "Yildiz, Ali Aras"]
[Result "0-1"]
[WhiteElo "1828"]
[BlackElo "2089"]
[WhiteTeam "Global Ramblers"]
[BlackTeam "Turkish Airlines Sports Club"]
[WhiteFideId "12848140"]
[BlackFideId "51619822"]
[EventDate "2025.06.14"]
[EventType "team"]

1. e4 c5 2. Nf3 d6 3. d4 cxd4 4. Nxd4 Nf6 5. Nc3 g6 6. Be3 Bg7 7. f3 Nc6 8. Qd2
O-O 9. h4 d5 10. Nxc6 bxc6 11. exd5 Nxd5 12. Nxd5 Qxd5 13. Qxd5 cxd5 14. O-O-O
Bb7 15. h5 e5 16. Bc5 Rfc8 17. Bb4 d4 18. Bd3 f5 19. Rde1 Rc6 20. g4 fxg4 21.
fxg4 Rac8 22. Rh2 Bh6+ 23. Kb1 Bf4 24. Rh3 g5 25. Bf5 R8c7 26. Ba5 Re7 27. Bb4
Rec7 28. Ba5 Rf7 29. a3 Bc8 30. Bxc8 Rxc8 31. Rb3 Re8 32. Rb5 e4 33. Rd5 e3 34.
Rxd4 e2 35. Rd8 Rxd8 36. Bxd8 Rd7 37. Rxe2 Rxd8 38. Re7 a5 39. Ra7 Rd5 40. c4
Rd1+ 41. Kc2 Rd2+ 42. Kc3 Rg2 43. Rxa5 Bd2+ 44. Kd4 Bxa5 45. b4 Bc7 46. c5 Rxg4+
47. Kd5 Rh4 48. b5 g4 49. b6 Rxh5+ 50. Kc6 Bb8 51. a4 g3 52. a5 g2 53. a6 g1=Q
54. a7 Qg2+ 55. Kb5 Qb7 0-1

[Event "FIDE World Bl Team Pool A"]
[Site "London ENG"]
[Date "2025.06.14"]
[Round "7.1"]
[White "Chinguun, Sumiya"]
[Black "Eilenberg, Jonas"]
[Result "0-1"]
[WhiteTitle "FM"]
[BlackTitle "FM"]
[WhiteElo "2415"]
[BlackElo "2316"]
[WhiteTeam "The MongolZ"]
[BlackTeam "Berlin Lasker Legends"]
[WhiteFideId "4902572"]
[BlackFideId "16204271"]
[EventDate "2025.06.14"]
[EventType "team"]

1. e4 e5 2. Nf3 Nc6 3. d4 exd4 4. Nxd4 Qf6 5. Nf3 Bb4+ 6. c3 Bc5 7. Be2 d6 8.
O-O h6 9. Nbd2 Nge7 10. Nc4 O-O 11. a4 a5 12. Ne3 Be6 13. Nd5 Bxd5 14. exd5 Ne5
15. h3 N7g6 16. Nd4 Nf4 17. Bg4 Nfd3 18. Be2 Nf4 19. Bxf4 Qxf4 20. Qc1 Qf6 21.
Qd2 Rfe8 22. Kh1 Ng6 23. Bb5 Re5 24. Nf3 Rh5 25. Be2 Nf4 26. Ng1 Rxd5 27. Qc2
Nxe2 28. Nxe2 Re8 29. Ng3 Rde5 30. Rad1 h5 31. f3 Qh4 32. Ne4 Be3 33. c4 Bf4 34.
Qf2 Qxf2 35. Rxf2 f5 36. Nc3 Re1+ 37. Rf1 Rxf1+ 38. Rxf1 c6 39. Rd1 Kf7 40. Kg1
Kf6 41. Kf2 Be3+ 42. Kf1 Bc5 43. Rd2 Bb4 44. Rd3 h4 45. Ne2 g5 46. Nd4 Re1+ 47.
Kf2 Rb1 48. Rb3 Bc5 49. Rd3 Rxb2+ 50. Kf1 Bxd4 51. Rxd4 Ke5 52. Rd3 Rb4 53. Re3+
Kf6 54. Re8 Rxa4 55. Rf8+ Ke5 56. Rb8 Rxc4 57. Rxb7 a4 58. Ra7 d5 59. Kf2 Kf4
60. Ra6 Rc2+ 61. Kf1 d4 62. Rxa4 c5 63. Ra1 c4 64. Rd1 d3 65. Kg1 Ke3 66. Kh1 d2
67. Kh2 Rc1 68. f4 Rxd1 69. fxg5 Rh1+ 70. Kxh1 d1=Q+ 71. Kh2 Kf2 0-1